000 00745nam 22001933 4500
001 198920
010 _a972-95775-8-7
021 _b72645/93
090 _a198920
100 _a20251110d u||y0pory50 ba
200 _aInventário do Museu Nacional de Arqueologia
_ecolecção de ourivesaria - 1º volume do Calcolítico à idade do Bronze
_fCoordenação Científica Barbara Armbruster, Rui Pereira
210 _aLisboa
_cSecretaria de Estado da Cultura, Instituto Português de Museus
_d1993
215 _a239 p.
_cencadernado
_d30 cm
606 _914822
_aOrganizações. Exposições. Museus
675 _a06
_vPT
_zpor
710 _914823
_aMuseu Nacional de Arqueologia
_eLisboa
801 _aPT
_bBMMN
_gRPC
830 _cFernando
_fFernando
990 _cLIVROS